000 00695nam a2200217Ii 4500
003 JO-AjNU
008 230606s9999||||xx |||||||||||||| ||und||
020 _a979-8-58248-636-7
040 _aJO-AjNU
_beng
_erda
_cJO-AjNU
041 _aeng
050 1 4 _aQA76.73.2022
100 3 _aNelson, Daniel ,
_eauthor
_96589
245 0 0 _aData Visulization in Python: Explore and Manipulate data and Create Engaging Interactive Plots with 9 Python libraries
250 _a1ed
264 3 1 _aUnited States: STACKAbUSE, 2022
300 _a335p
336 _atext
_btxt
_2rdacontent
337 _aunmediated
_bn
_2rdamedia
338 _avolume
_bnc
_2rdacarrier
650 4 _a Visulization in Python
_96590
999 _aE3421
_c3415
_d3415